[Event "Rheinland Pfalz Seniors op"]
[Site "Altenkirchen"]
[Date "2023.09.10"]
[Round "6"]
[White "Meyer, Dieter"]
[Black "Blosze, Winfried"]
[Result "1-0"]
[WhiteElo "1873"]
[BlackElo "1799"]
[PlyCount "133"]
[EventDate "2023.09.05"]
[EventType "swiss"]
[EventRounds "9"]
[EventCountry "GER"]
[SourceTitle "EXT 2024"]
[Source "ChessBase"]
[SourceDate "2023.10.10"]
[SourceVersion "1"]
[SourceVersionDate "2023.10.10"]
[SourceQuality "1"]

1. c4 e5 2. g3 d6 3. Bg2 c6 4. d3 Be7 5. Nc3 Nf6 6. Nf3 Bf5 7. 0-0 Qc8 8. Re1 Bh3 9. Bh1 h6 10. e3 0-0 11. Bd2 Nbd7 12. b4 d5 13. cxd5 cxd5 14. Rc1 Qd8 15. Qb3 Be6 16. Qb2 Qb6 17. Rb1 Rac8 18. a4 Rfe8 19. Bg2 a5 20. Nb5 axb4 21. Bxb4 Bxb4 22. Qxb4 Ra8 23. Rec1 Rec8 24. Bf1 Rxc1 25. Rxc1 Bg4 26. Nd2 Qa5 27. Qb2 Qxa4 28. h3 Be6 29. Nc7 Qa3 30. Qxb7 Qxc1 31. Qxa8+ Nf8 32. Nxe6 fxe6 33. Nb3 Qc3 34. Qa4 N6d7 35. d4 Nb6 36. Qb5 Nbd7 37. Qa4 Nb6 38. Qb5 Nbd7 39. Kg2 Qb2 40. Qd3 Nf6 41. dxe5 Qxe5 42. Nc5 Qd6 43. Qb5 N6d7 44. Nd3 Qb6 45. Nf4 Qxb5 46. Bxb5 Kf7 47. Nd3 Kf6 48. f4 Nb6 49. Kf3 Ng6 50. e4 dxe4+ 51. Kxe4 Nd5 52. Kd4 h5 53. Be8 Nde7 54. Ke4 Nf5 55. Bxg6 Kxg6 56. g4 hxg4 57. hxg4 Nh6 58. g5 Nf7 59. Ne5+ Nxe5 60. Kxe5 Kf7 61. Kd6 Kf8 62. Kxe6 Ke8 63. Ke5 Kf7 64. Kf5 g6+ 65. Ke5 Ke7 66. f5 gxf5 67. Kxf5 1-0

[Event "Rheinland Pfalz Seniors op"]
[Site "Altenkirchen"]
[Date "2023.09.09"]
[Round "5"]
[White "Blosze, Winfried"]
[Black "Hotz, Herbert"]
[Result "1-0"]
[WhiteElo "1799"]
[BlackElo "1596"]
[PlyCount "47"]
[EventDate "2023.09.05"]
[EventType "swiss"]
[EventRounds "9"]
[EventCountry "GER"]
[SourceTitle "EXT 2024"]
[Source "ChessBase"]
[SourceDate "2023.10.10"]
[SourceVersion "1"]
[SourceVersionDate "2023.10.10"]
[SourceQuality "1"]

1. e4 c6 2. d4 d5 3. Nc3 dxe4 4. Nxe4 Bf5 5. Ng3 Bg6 6. Nf3 Nd7 7. Bd3 Bxd3 8. Qxd3 Ngf6 9. Bf4 e6 10. 0-0 Be7 11. c4 0-0 12. Rfd1 Re8 13. Qb3 Qb6 14. Qc2 Rad8 15. h3 c5 16. a3 Bd6 17. dxc5 Qxc5 18. Bxd6 Qc6 19. Rac1 Nb6 20. c5 Nbd5 21. b4 b6 22. Be5 Rc8 23. Nd4 Qb7 24. c6 1-0

[Event "Altenkirchen Seniors op 19th"]
[Site "Altenkirchen"]
[Date "2022.07.26"]
[Round "8"]
[White "Paus, Franz"]
[Black "Blosze, Winfried"]
[Result "1-0"]
[WhiteElo "2022"]
[BlackElo "1861"]
[PlyCount "59"]
[EventDate "2022.07.19"]
[EventType "swiss"]
[EventRounds "9"]
[EventCountry "GER"]
[SourceTitle "CBM 209 Extra"]
[Source "ChessBase"]
[SourceDate "2022.09.30"]
[SourceVersion "1"]
[SourceVersionDate "2022.09.30"]
[SourceQuality "1"]

1. d4 Nf6 2. c4 g6 3. Nc3 d5 4. cxd5 Nxd5 5. Bd2 Bg7 6. e4 Nf6 7. e5 Nd5 8. Nf3 c6 9. Be2 Be6 10. 0-0 Nxc3 11. bxc3 Bd5 12. Be3 Bxf3 13. Bxf3 e6 14. Rb1 Qc7 15. Qb3 b6 16. Qa3 Nd7 17. Bg5 Bf8 18. Qb3 h6 19. Be3 Rc8 20. Be4 c5 21. Rbc1 Be7 22. f4 Nf8 23. Qd1 Rd8 24. Qf3 Rc8 25. Bb7 Rb8 26. Bc6+ Nd7 27. d5 Rc8 28. Bb5 Rd8 29. Rcd1 Rf8 30. Rd2 1-0

[Event "Altenkirchen Seniors op 19th"]
[Site "Altenkirchen"]
[Date "2022.07.24"]
[Round "6"]
[White "Hassenrueck, Helmut"]
[Black "Blosze, Winfried"]
[Result "1-0"]
[WhiteElo "2143"]
[BlackElo "1861"]
[PlyCount "34"]
[EventDate "2022.07.19"]
[EventType "swiss"]
[EventRounds "9"]
[EventCountry "GER"]
[SourceTitle "CBM 209 Extra"]
[Source "ChessBase"]
[SourceDate "2022.09.30"]
[SourceVersion "1"]
[SourceVersionDate "2022.09.30"]
[SourceQuality "1"]

1. d4 d5 2. Nf3 Nf6 3. c4 c6 4. Nc3 e6 5. e3 Be7 6. Bd3 Nbd7 7. 0-0 0-0 8. e4 dxc4 9. Bxc4 Nb6 10. Bd3 c5 11. dxc5 Bxc5 12. e5 Nfd5 13. Bxh7+ Kxh7 14. Ng5+ Kg6 15. Qc2+ f5 16. exf6+ Kxf6 17. Nce4+ Ke7 1-0

[Event "Rottach Egern Seniors Cup 10th"]
[Site "Rottach Egern"]
[Date "2022.03.30"]
[Round "5"]
[White "Zozin, Walter"]
[Black "Blosze, Winfried"]
[Result "1/2-1/2"]
[WhiteElo "1746"]
[BlackElo "1877"]
[PlyCount "33"]
[EventDate "2022.03.26"]
[EventType "swiss"]
[EventRounds "9"]
[EventCountry "GER"]
[SourceTitle "CBM 207 Extra"]
[Source "ChessBase"]
[SourceDate "2022.05.31"]
[SourceVersion "1"]
[SourceVersionDate "2022.05.31"]
[SourceQuality "1"]

1. f4 Nf6 2. Nf3 d6 3. e3 Nc6 4. Bb5 Bd7 5. 0-0 a6 6. Bxc6 Bxc6 7. b3 Qd7 8. Bb2 Qg4 9. Nc3 e6 10. d3 Be7 11. Rf2 Qh5 12. h3 Qc5 13. Qe1 Rg8 14. Qe2 Nd5 15. Nxd5 Bxd5 16. Bd4 Qa5 17. e4 1/2-1/2

[Event "Rottach Egern Seniors Cup 10th"]
[Site "Rottach Egern"]
[Date "2022.03.28"]
[Round "3"]
[White "Wagner Michel, Annett"]
[Black "Blosze, Winfried"]
[Result "1-0"]
[WhiteElo "2098"]
[BlackElo "1877"]
[PlyCount "41"]
[EventDate "2022.03.26"]
[EventType "swiss"]
[EventRounds "9"]
[EventCountry "GER"]
[SourceTitle "CBM 207 Extra"]
[Source "ChessBase"]
[SourceDate "2022.05.31"]
[SourceVersion "1"]
[SourceVersionDate "2022.05.31"]
[SourceQuality "1"]

1. e4 e5 2. Nf3 Nc6 3. d4 exd4 4. Nxd4 d6 5. c4 Nxd4 6. Qxd4 Qf6 7. Qd3 Qg6 8. Nc3 c6 9. Bf4 f5 10. 0-0-0 fxe4 11. Nxe4 d5 12. cxd5 Bf5 13. f3 cxd5 14. Qxd5 Qc6+ 15. Qxc6+ bxc6 16. Nd6+ Bxd6 17. Rxd6 Bd7 18. Bc4 Nf6 19. Re1+ Kf8 20. Rxd7 Nxd7 21. Bd6# 1-0

[Event "Altenkirchen Seniors op 18th"]
[Site "Altenkirchen"]
[Date "2021.07.09"]
[Round "8"]
[White "Blosze, Winfried"]
[Black "Speicher, Franz"]
[Result "1-0"]
[WhiteElo "1862"]
[BlackElo "1900"]
[PlyCount "79"]
[EventDate "2021.07.02"]
[EventType "swiss"]
[EventRounds "9"]
[EventCountry "GER"]
[SourceTitle "CBM 203 Extra"]
[Source "ChessBase"]
[SourceDate "2021.09.30"]
[SourceVersion "1"]
[SourceVersionDate "2021.09.30"]
[SourceQuality "1"]

1. e4 c6 2. d4 d5 3. Nc3 dxe4 4. Nxe4 Bf5 5. Ng3 Bg6 6. Nf3 Nd7 7. h4 h6 8. h5 Bh7 9. Bd3 Bxd3 10. Qxd3 e6 11. Bf4 Qa5+ 12. Bd2 Bb4 13. c3 Be7 14. c4 Qc7 15. Rc1 Ngf6 16. d5 exd5 17. cxd5 Ne5 18. Qf5 Nxf3+ 19. Qxf3 Qe5+ 20. Kf1 Qxd5 21. Qxd5 Nxd5 22. Nf5 0-0 23. Rh3 Bf6 24. Rg3 Kh7 25. Rb3 Rab8 26. Nd6 Rfd8 27. Nxb7 Nb6 28. Nxd8 Rxd8 29. Be3 Na4 30. Rxc6 Nxb2 31. Rb7 Nd1 32. Rxf7 Nc3 33. g3 Ne4 34. Rxa7 Rd1+ 35. Ke2 Rd5 36. Kf3 Nd6 37. a4 Rf5+ 38. Kg2 Be5 39. a5 Ne4 40. Rxh6+ 1-0

[Event "Altenkirchen Seniors op 18th"]
[Site "Altenkirchen"]
[Date "2021.07.07"]
[Round "6"]
[White "Blosze, Winfried"]
[Black "Sand, Rolf"]
[Result "0-1"]
[WhiteElo "1862"]
[BlackElo "1937"]
[PlyCount "101"]
[EventDate "2021.07.02"]
[EventType "swiss"]
[EventRounds "9"]
[EventCountry "GER"]
[SourceTitle "CBM 203 Extra"]
[Source "ChessBase"]
[SourceDate "2021.09.30"]
[SourceVersion "1"]
[SourceVersionDate "2021.09.30"]
[SourceQuality "1"]

1. e4 c5 2. d4 cxd4 3. c3 dxc3 4. Nxc3 Nc6 5. Bc4 d6 6. Nf3 a6 7. 0-0 Nf6 8. e5 dxe5 9. Qxd8+ Nxd8 10. Nxe5 Be6 11. Bb5+ axb5 12. Nxb5 Rc8 13. Be3 Nd5 14. Rfc1 f6 15. Rxc8 Bxc8 16. Nf3 Nc6 17. Rd1 Nxe3 18. fxe3 Bg4 19. Nc7+ Kf7 20. Rd3 Bxf3 21. gxf3 e6 22. Rd7+ Be7 23. Nb5 Rd8 24. Rxb7 Ne5 25. Kf2 Rd7 26. Rxd7 Nxd7 27. Ke2 Bc5 28. f4 f5 29. a4 Bb4 30. Nd4 Nc5 31. Nc6 Nxa4 32. Nxb4 Nxb2 33. Nc6 Nc4 34. Kd3 Nd6 35. Ne5+ Ke7 36. Nf3 Ne4 37. Kd4 Kf6 38. Ne5 g5 39. fxg5+ Nxg5 40. h4 Nf7 41. Nxf7 Kxf7 42. Ke5 h5 43. e4 fxe4 44. Kxe4 Kf6 45. Kf4 e5+ 46. Ke4 Ke6 47. Ke3 Kf5 48. Kf3 e4+ 49. Kg3 Ke5 50. Kf2 Kf4 51. Ke2 0-1

[Event "Altenkirchen Seniors op 18th"]
[Site "Altenkirchen"]
[Date "2021.07.06"]
[Round "5"]
[White "Blosze, Winfried"]
[Black "Schoenfeld, Volker"]
[Result "0-1"]
[WhiteElo "1862"]
[BlackElo "1964"]
[PlyCount "92"]
[EventDate "2021.07.02"]
[EventType "swiss"]
[EventRounds "9"]
[EventCountry "GER"]
[SourceTitle "CBM 203 Extra"]
[Source "ChessBase"]
[SourceDate "2021.09.30"]
[SourceVersion "1"]
[SourceVersionDate "2021.09.30"]
[SourceQuality "1"]

1. e4 c6 2. d4 d5 3. Nc3 g6 4. Nf3 Bg7 5. e5 Nh6 6. Bf4 f6 7. Qd2 Nf7 8. 0-0-0 0-0 9. Re1 Bg4 10. Kb1 b5 11. h3 Bxf3 12. gxf3 fxe5 13. dxe5 e6 14. h4 Nd7 15. Bg5 Nxg5 16. hxg5 Nxe5 17. f4 Nf3 18. Qe3 Nxe1 19. Bh3 d4 20. Bxe6+ Rf7 21. Bxf7+ Kxf7 22. Qxe1 dxc3 23. bxc3 Qe7 24. Qxe7+ Kxe7 25. Rxh7 Kf8 26. Kb2 Kg8 27. Rh3 Rf8 28. Rd3 b4 29. Rd6 bxc3+ 30. Kb3 c5 31. Rxg6 Rxf4 32. a3 Rxf2 33. Rc6 Bd4 34. Ra6 Rf7 35. a4 Rb7+ 36. Kc4 Rg7 37. a5 Kf8 38. Rc6 Ke8 39. g6 Rd7 40. Kb5 Kd8 41. a6 Rc7 42. Re6 Re7 43. Rd6+ Kc7 44. Rd5 Re6 45. Rh5 Rb6+ 46. Ka5 Rxg6 0-1

[Event "GER-ch Seniors 65 32nd"]
[Site "Magdeburg"]
[Date "2020.08.20"]
[Round "7"]
[White "Postler, Reinhard"]
[Black "Blosze, Winfried"]
[Result "1-0"]
[WhiteElo "2238"]
[BlackElo "1820"]
[PlyCount "107"]
[EventDate "2020.08.14"]
[EventType "swiss"]
[EventRounds "9"]
[EventCountry "GER"]
[SourceTitle "EXT 2021"]
[Source "ChessBase"]
[SourceDate "2020.10.23"]
[SourceVersion "1"]
[SourceVersionDate "2020.10.23"]
[SourceQuality "1"]

1. e4 e5 2. Nf3 Nc6 3. Bb5 a6 4. Ba4 Nf6 5. 0-0 b5 6. Bb3 Be7 7. Re1 0-0 8. h3 d6 9. c3 Na5 10. Bc2 Nc4 11. d4 exd4 12. cxd4 Bb7 13. b3 Nb6 14. Nbd2 Re8 15. Bb2 g6 16. Rc1 Bf8 17. Bb1 Rc8 18. e5 Nh5 19. Be4 d5 20. Bb1 Ng7 21. Nf1 Ne6 22. Bc3 b4 23. Bd2 c5 24. Be3 c4 25. N3h2 a5 26. Ng4 Nd7 27. f4 f5 28. exf6 Nxf6 29. f5 gxf5 30. Bxf5 Ne4 31. Ne5 Qh4 32. g3 Qe7 33. bxc4 Qg7 34. c5 Nxg3 35. Nxg3 Qxg3+ 36. Kh1 Ng7 37. Bxc8 Bxc8 38. Qf3 Qxf3+ 39. Nxf3 Bxh3 40. Bf4 Rc8 41. Be5 Rc6 42. Kh2 Bf5 43. Kg3 Be4 44. Kf2 Nf5 45. Rg1+ Kf7 46. Ng5+ Ke8 47. Nxe4 dxe4 48. Rce1 e3+ 49. Kf3 Rh6 50. Ke4 Ne7 51. Rxe3 Rh4+ 52. Kd3 Kd7 53. Kc4 Kc6 54. Bf6 1-0

[Event "Bad Woerishofen Seniors op 36th"]
[Site "Bad Woerishofen"]
[Date "2020.03.11"]
[Round "7"]
[White "Blosze, Winfried"]
[Black "Klein, Gerhard"]
[Result "1-0"]
[WhiteElo "1839"]
[BlackElo "1787"]
[PlyCount "41"]
[EventDate "2020.03.05"]
[EventType "swiss"]
[EventRounds "9"]
[EventCountry "GER"]
[SourceTitle "CBM 195 Extra"]
[Source "ChessBase"]
[SourceDate "2020.05.31"]
[SourceVersion "1"]
[SourceVersionDate "2020.05.31"]
[SourceQuality "1"]

1. e4 e6 2. Nc3 d5 3. d4 dxe4 4. Nxe4 Be7 5. Nf3 Nf6 6. Bd3 Nc6 7. c3 h6 8. 0-0 a6 9. Be3 Bd7 10. Bc2 Na5 11. b3 Bc6 12. Nfd2 Nxe4 13. Nxe4 Qd7 14. a4 0-0-0 15. Qh5 f5 16. Nd2 g6 17. Qe2 g5 18. f3 f4 19. Bf2 e5 20. Qxe5 g4 21. Bf5 1-0

[Event "Bad Woerishofen Seniors op 36th"]
[Site "Bad Woerishofen"]
[Date "2020.03.07"]
[Round "2"]
[White "Walther, Reinhard"]
[Black "Blosze, Winfried"]
[Result "1-0"]
[WhiteElo "2019"]
[BlackElo "1839"]
[PlyCount "57"]
[EventDate "2020.03.05"]
[EventType "swiss"]
[EventRounds "9"]
[EventCountry "GER"]
[SourceTitle "CBM 195 Extra"]
[Source "ChessBase"]
[SourceDate "2020.05.31"]
[SourceVersion "1"]
[SourceVersionDate "2020.05.31"]
[SourceQuality "1"]

1. d4 d5 2. Bf4 e6 3. e3 Bd6 4. Bg3 h5 5. Nf3 Bd7 6. Nbd2 Qe7 7. Bd3 Nc6 8. Ne5 Bxe5 9. Bxe5 Nxe5 10. dxe5 0-0-0 11. Qe2 Qb4 12. 0-0 Nh6 13. Nf3 f6 14. c3 Qe7 15. a4 Nf7 16. b4 fxe5 17. e4 g5 18. b5 g4 19. Nd2 Ng5 20. a5 c5 21. b6 Bc6 22. bxa7 Kd7 23. a6 Ra8 24. axb7 Bxb7 25. Rfb1 Kc8 26. Ba6 Nh3+ 27. gxh3 gxh3 28. Bxb7+ Kd8 29. Kh1 1-0

[Event "RLP Seniors op 17th"]
[Site "Neustadt an der Weinstrasse"]
[Date "2019.07.28"]
[Round "9"]
[White "Steiner, Peter Markus"]
[Black "Blosze, Winfried"]
[Result "1/2-1/2"]
[WhiteElo "1591"]
[BlackElo "1911"]
[PlyCount "90"]
[EventDate "2019.07.20"]
[EventType "swiss"]
[EventRounds "9"]
[EventCountry "GER"]
[SourceTitle "CBM 192 Extra"]
[Source "Chessbase"]
[SourceDate "2019.11.06"]
[SourceVersion "1"]
[SourceVersionDate "2019.11.06"]
[SourceQuality "1"]

1. b4 e5 2. Bb2 Bxb4 3. Bxe5 Nf6 4. c4 Qe7 5. Bb2 Nc6 6. e3 0-0 7. a3 Ba5 8. Nf3 d6 9. Be2 Bg4 10. 0-0 Ne5 11. d3 Rfd8 12. Nbd2 Bb6 13. d4 Ng6 14. Bd3 Nh4 15. h3 Bf5 16. Bxf5 Nxf5 17. Qc2 g6 18. Rfe1 Ba5 19. Re2 Bxd2 20. Nxd2 Ng7 21. Rae1 Nfh5 22. Nf3 c6 23. e4 Qd7 24. Qc3 Re8 25. Re3 Re7 26. d5 f5 27. e5 cxd5 28. cxd5 dxe5 29. Rxe5 Rxe5 30. Rxe5 Re8 31. Rxe8+ Qxe8 32. g4 fxg4 33. hxg4 Qd7 34. Ne5 Qd8 35. gxh5 Nxh5 36. Qf3 Qg5+ 37. Qg4 Qxg4+ 38. Nxg4 Nf4 39. Ne3 Kf7 40. Be5 Nd3 41. Bd4 a6 42. Kg2 b5 43. Bb6 b4 44. axb4 Nxb4 45. Ba5 Nd3 1/2-1/2

[Event "RLP Seniors op 17th"]
[Site "Neustadt an der Weinstrasse"]
[Date "2019.07.22"]
[Round "3"]
[White "Alle, Werner"]
[Black "Blosze, Winfried"]
[Result "1-0"]
[WhiteElo "1775"]
[BlackElo "1911"]
[PlyCount "39"]
[EventDate "2019.07.20"]
[EventType "swiss"]
[EventRounds "9"]
[EventCountry "GER"]
[SourceTitle "CBM 192 Extra"]
[Source "Chessbase"]
[SourceDate "2019.11.06"]
[SourceVersion "1"]
[SourceVersionDate "2019.11.06"]
[SourceQuality "1"]

1. e4 e5 2. Bc4 Nf6 3. d4 exd4 4. e5 Qe7 5. Nf3 d5 6. 0-0 dxc4 7. exf6 Qxf6 8. Re1+ Be6 9. Nxd4 Bc5 10. Be3 Nd7 11. Nxe6 fxe6 12. Bxc5 Nxc5 13. Qh5+ g6 14. Qxc5 0-0-0 15. Nc3 a6 16. Qa7 c6 17. Qe3 Rde8 18. Rad1 Kc7 19. Ne4 Qxb2 20. Rb1 1-0

[Event "GER-ch Seniors 65 31st"]
[Site "Radebeul"]
[Date "2019.04.26"]
[Round "1"]
[White "Hess, Christian"]
[Black "Blosze, Winfried"]
[Result "1-0"]
[WhiteElo "2246"]
[BlackElo "1914"]
[PlyCount "87"]
[EventDate "2019.04.26"]
[EventType "swiss"]
[EventRounds "9"]
[EventCountry "GER"]
[SourceTitle "CBM 190 Extra"]
[Source "ChessBase"]
[SourceDate "2019.07.15"]
[SourceVersion "1"]
[SourceVersionDate "2019.07.15"]
[SourceQuality "1"]

1. Nf3 Nf6 2. c4 g6 3. Nc3 Bg7 4. e4 d6 5. d4 0-0 6. Be2 c6 7. 0-0 Bg4 8. Be3 Nbd7 9. Ne1 Bxe2 10. Qxe2 a6 11. Rd1 Qa5 12. Nd3 Qh5 13. f3 Qa5 14. b4 Qc7 15. Rc1 Qb8 16. Rfd1 Rc8 17. c5 b5 18. cxd6 exd6 19. Nf4 Nb6 20. Kh1 Nc4 21. Bf2 Re8 22. d5 Qb7 23. dxc6 Qxc6 24. Ncd5 Nxd5 25. Nxd5 f5 26. Nb6 Rad8 27. Nxc4 bxc4 28. Qxc4+ Qxc4 29. Rxc4 fxe4 30. fxe4 Re6 31. Bg3 Bf8 32. h3 Rde8 33. Rc6 Rxe4 34. Rxa6 Rxb4 35. Rd5 Rb1+ 36. Kh2 Rb2 37. Bxd6 Ree2 38. Ra8 Rxg2+ 39. Kh1 Rxa2 40. Rxf8+ Kg7 41. Rf1 Rge2 42. Be5+ Kh6 43. Bf4+ Kg7 44. Rd7+ 1-0

[Event "Rheinland Pfalz op Seniors 16th"]
[Site "Neustadt an der Weinstrasse"]
[Date "2018.07.14"]
[Round "8"]
[White "Blosze, Winfried"]
[Black "Loehr, Hans Gerd"]
[Result "1/2-1/2"]
[WhiteElo "1889"]
[BlackElo "1719"]
[PlyCount "70"]
[EventDate "2018.07.07"]
[EventType "swiss"]
[EventRounds "9"]
[EventCountry "GER"]
[SourceTitle "EXT 2019"]
[Source "ChessBase"]
[SourceDate "2018.10.10"]
[SourceVersion "1"]
[SourceVersionDate "2018.10.10"]
[SourceQuality "1"]

1. e4 c5 2. Nc3 g6 3. g3 Bg7 4. Bg2 d6 5. d3 Nf6 6. Nf3 Nc6 7. Bd2 Bd7 8. Rb1 Rc8 9. 0-0 0-0 10. h3 Nd4 11. Nxd4 cxd4 12. Ne2 e5 13. c3 Bb5 14. c4 Bd7 15. Kh2 b5 16. b3 Ne8 17. Qc1 f5 18. Bh6 f4 19. Bxg7 fxg3+ 20. fxg3 Nxg7 21. Qa3 Qb6 22. Qc1 Rxf1 23. Qxf1 Rf8 24. Qe1 Qd8 25. Ng1 Rf6 26. Nf3 Ne6 27. Qd2 Qf8 28. Rf1 h6 29. Qe2 Kg7 30. Nd2 Rxf1 31. Qxf1 Qxf1 32. Bxf1 b4 33. h4 Nc5 34. Kg2 a5 35. Kf2 h5 1/2-1/2

[Event "Rheinland Pfalz op Seniors 16th"]
[Site "Neustadt an der Weinstrasse"]
[Date "2018.07.08"]
[Round "2"]
[White "Blosze, Winfried"]
[Black "Schmidt Hieber, Michael"]
[Result "1-0"]
[WhiteElo "1889"]
[BlackElo "1772"]
[PlyCount "92"]
[EventDate "2018.07.07"]
[EventType "swiss"]
[EventRounds "9"]
[EventCountry "GER"]
[SourceTitle "EXT 2019"]
[Source "ChessBase"]
[SourceDate "2018.10.10"]
[SourceVersion "1"]
[SourceVersionDate "2018.10.10"]
[SourceQuality "1"]

1. e4 e6 2. d4 d5 3. exd5 exd5 4. Bd3 h6 5. Nf3 Bg4 6. h3 Bh5 7. g4 Bg6 8. Bxg6 fxg6 9. Qd3 Qf6 10. Ne5 Ne7 11. Be3 Nbc6 12. f4 Nxe5 13. dxe5 Qc6 14. Rf1 b6 15. Na3 a6 16. 0-0-0 b5 17. f5 gxf5 18. gxf5 0-0-0 19. f6 Ng8 20. Bd4 gxf6 21. exf6 Rd6 22. f7 Nf6 23. Bxf6 Rxf6 24. Rxf6 Qxf6 25. Qxd5 Bd6 26. Re1 Be7 27. Qe6+ Qxe6 28. Rxe6 Kd7 29. Rxa6 Rf8 30. Nxb5 Rxf7 31. Kd1 Bg5 32. Ra3 Rf5 33. Rd3+ Kc8 34. a4 Rf1+ 35. Ke2 Rf7 36. b3 Bh4 37. Rf3 Re7+ 38. Kd3 Rd7+ 39. Kc4 Bg5 40. Nd4 Rd6 41. b4 Bf6 42. c3 Bg5 43. a5 Kb7 44. b5 Bd2 45. Rf7 Kc8 46. a6 Be3 1-0

[Event "Heusenstamm Sparkassen op-A 4th"]
[Site "Heusenstamm"]
[Date "2017.11.24"]
[Round "2"]
[White "Diehm, Alexander"]
[Black "Blosze, Winfried"]
[Result "1-0"]
[WhiteElo "2039"]
[BlackElo "1863"]
[PlyCount "105"]
[EventDate "2017.11.23"]
[EventType "swiss"]
[EventRounds "7"]
[EventCountry "GER"]
[SourceTitle "EXT 2019"]
[Source "ChessBase"]
[SourceDate "2018.10.10"]
[SourceVersion "1"]
[SourceVersionDate "2018.10.10"]
[SourceQuality "1"]

1. d4 Nf6 2. c4 g6 3. Nc3 d5 4. cxd5 Nxd5 5. Bd2 Bg7 6. e4 Nb6 7. Be3 0-0 8. Rc1 c6 9. Be2 e5 10. Nf3 exd4 11. Nxd4 Qe7 12. Rc2 N8d7 13. 0-0 Nf6 14. f3 Nfd5 15. Bc1 Nxc3 16. bxc3 Be6 17. Qe1 Rfd8 18. Qf2 Bc4 19. Be3 Bxe2 20. Qxe2 Rd7 21. Nb3 Re8 22. Bc5 Qe6 23. Re1 Qe5 24. Bd4 Qh5 25. Nc5 Rde7 26. a4 Nd5 27. Nd3 b6 28. Qf2 Nc7 29. Bxg7 Kxg7 30. Qd4+ Kg8 31. Qd6 c5 32. c4 Na6 33. Rce2 Nb8 34. Nf4 Qe5 35. Qxe5 Rxe5 36. Nd5 Kg7 37. f4 Rh5 38. e5 Nc6 39. Nf6 Re6 40. Nxh5+ gxh5 41. Kf2 Kg6 42. Rd2 Nd4 43. Ke3 Kf5 44. g3 f6 45. Rxd4 cxd4+ 46. Kxd4 h4 47. Kd5 hxg3 48. hxg3 Re8 49. e6 h5 50. e7 Kg4 51. Ke6 Kxg3 52. f5 h4 53. Kf7 1-0

[Event "Schleswig Holstein-ch Seniors op 11th"]
[Site "Buesum"]
[Date "2017.09.15"]
[Round "8"]
[White "Blosze, Winfried"]
[Black "Bullert, Wolfgang"]
[Result "0-1"]
[WhiteElo "1871"]
[BlackElo "1989"]
[PlyCount "67"]
[EventDate "2017.09.08"]
[EventType "swiss"]
[EventRounds "9"]
[EventCountry "GER"]
[SourceTitle "EXT 2019"]
[Source "ChessBase"]
[SourceDate "2018.10.10"]
[SourceVersion "1"]
[SourceVersionDate "2018.10.10"]
[SourceQuality "1"]

1. e4 e5 2. Nf3 Nc6 3. Bb5 Bc5 4. c3 f5 5. Bxc6 dxc6 6. Nxe5 Bd6 7. d4 Bxe5 8. dxe5 Qxd1+ 9. Kxd1 fxe4 10. Re1 Bf5 11. Ke2 Ne7 12. Be3 Ng6 13. Bd4 c5 14. Bxc5 Nxe5 15. Bd4 Nd3 16. Rg1 0-0 17. g4 Bg6 18. Nd2 e3 19. Bxe3 Rae8 20. Nf3 Nxb2 21. Ne1 Be4 22. Rc1 b6 23. c4 c5 24. Rc3 Rf7 25. Rg3 Rd7 26. Kf1 Rd1 27. Ke2 Ra1 28. Ra3 a5 29. Rb3 Nxc4 30. a3 Rd8 31. f3 Ra2+ 32. Kf1 Bc6 33. h4 Rd1 34. Bf2 0-1

[Event "Schleswig Holstein-ch Seniors op 11th"]
[Site "Buesum"]
[Date "2017.09.14"]
[Round "7"]
[White "Reinhold, Klaus"]
[Black "Blosze, Winfried"]
[Result "1/2-1/2"]
[WhiteElo "2008"]
[BlackElo "1871"]
[PlyCount "42"]
[EventDate "2017.09.08"]
[EventType "swiss"]
[EventRounds "9"]
[EventCountry "GER"]
[SourceTitle "EXT 2019"]
[Source "ChessBase"]
[SourceDate "2018.10.10"]
[SourceVersion "1"]
[SourceVersionDate "2018.10.10"]
[SourceQuality "1"]

1. d4 Nf6 2. c4 g6 3. Nc3 d5 4. Nf3 Bg7 5. Qb3 c6 6. cxd5 Nxd5 7. e4 Nb6 8. e5 Be6 9. Qc2 N8d7 10. Ng5 Bf5 11. Qb3 e6 12. Nce4 Bxe4 13. Nxe4 Bf8 14. Bg5 Qc7 15. Nf6+ Nxf6 16. Bxf6 Rg8 17. 0-0-0 Be7 18. Bxe7 Qxe7 19. g3 0-0-0 20. Bg2 Rd7 21. Rd3 Rgd8 1/2-1/2

[Event "Schleswig Holstein-ch Seniors op 11th"]
[Site "Buesum"]
[Date "2017.09.12"]
[Round "5"]
[White "Steinke, Hans Joerg"]
[Black "Blosze, Winfried"]
[Result "1/2-1/2"]
[WhiteElo "1791"]
[BlackElo "1871"]
[PlyCount "54"]
[EventDate "2017.09.08"]
[EventType "swiss"]
[EventRounds "9"]
[EventCountry "GER"]
[SourceTitle "EXT 2019"]
[Source "ChessBase"]
[SourceDate "2018.10.10"]
[SourceVersion "1"]
[SourceVersionDate "2018.10.10"]
[SourceQuality "1"]

1. d4 Nf6 2. c4 g6 3. Nc3 d5 4. cxd5 Nxd5 5. e4 Nxc3 6. bxc3 Bg7 7. Bc4 0-0 8. Be3 c5 9. Ne2 cxd4 10. cxd4 Qa5+ 11. Qd2 Qxd2+ 12. Kxd2 Nc6 13. Rab1 Na5 14. Bd3 Be6 15. d5 Bc8 16. Bc5 Bf6 17. f4 b6 18. Bb4 Rd8 19. Rbc1 e5 20. g3 exf4 21. gxf4 Bg4 22. d6 Be6 23. Bxa5 bxa5 24. e5 Bg7 25. Nd4 Rxd6 26. Nxe6 Rxe6 27. Rc7 Rb6 1/2-1/2

[Event "Rheinland Pfalz op Seniors 15th"]
[Site "Neustadt an der Weinstrasse"]
[Date "2017.07.22"]
[Round "8"]
[White "Diehl, Klaus"]
[Black "Blosze, Winfried"]
[Result "1-0"]
[WhiteElo "2060"]
[BlackElo "1851"]
[PlyCount "79"]
[EventDate "2017.07.15"]
[EventType "swiss"]
[EventRounds "9"]
[EventCountry "GER"]
[SourceTitle "EXT 2018"]
[Source "ChessBase"]
[SourceDate "2017.10.13"]
[SourceVersion "1"]
[SourceVersionDate "2017.10.13"]
[SourceQuality "1"]

1. c4 Nf6 2. g3 c5 3. Bg2 Nc6 4. Nc3 d6 5. Nf3 e5 6. 0-0 Be7 7. e3 Be6 8. b3 0-0 9. d4 Bg4 10. h3 cxd4 11. exd4 Bd7 12. Re1 Qc7 13. Kh2 Qb8 14. Ba3 Re8 15. Qd3 g6 16. Qd2 a6 17. d5 Nd8 18. c5 b5 19. b4 a5 20. bxa5 dxc5 21. Bb2 b4 22. Ne4 Nxe4 23. Rxe4 f6 24. a3 Rxa5 25. Rd1 Bd6 26. Qe1 Qb6 27. axb4 cxb4 28. Nd2 Rxd5 29. Nc4 Rxd1 30. Qxd1 Qxf2 31. Nxd6 Re7 32. Nc8 Rf7 33. Re2 Qc5 34. Nd6 Re7 35. Ne4 Qc6 36. Rd2 Kg7 37. Rd6 Qc7 38. Nxf6 Bb5 39. Rxd8 Kxf6 40. Qf3+ 1-0